00809nam a22002297a 4500003000400000008004100004020001800045082001800063100002200081245012400103260002600227300001000253365001800263650006200281650004400343650006400387650005000451700003100501700001500532700001800547700001400565OSt260629b |||||||| |||| 00| 0 eng d a9788170196983 a338.954bS61A aSingh, Anil Kumar aAay Doguni Karne Hetu Aadhunik Krish Evam Labhkari Udhmita Vikas: bMadhya Bharat ke Paridrishya MeicSingh, Anil Kumar aNew DelhibTTPPc2021 a328p. e1295.00, INR aAgricultural entrepreneurship $z India $z Madhya Pradesh. aFarm income $z India $z Madhya Pradesh. aAgriculture $x Economic aspects $z India $z Madhya Pradesh. aRural development $z India $z Madhya Pradesh. aSingh, Shayam Ranjan Kumar aSingh, Jay aShukla Rashmi aGupta, OM